| 000 | 00529nam a2200181Ia 4500 | ||
|---|---|---|---|
| 003 | GCL | ||
| 008 | 140319s9999 xx 000 0 ara d | ||
| 040 |
_aGCL / _cGCL |
||
| 082 | 0 | 4 |
_a658.4 _bس م |
| 100 | 1 | _aممدوح احمد لطفى | |
| 245 | 1 | 0 |
_aالمبادرة الادارية / _cممدوح احمد لطفى |
| 700 | 1 | _aسمير حسن شلبى | |
| 260 |
_a[S.N] : _bالمكتبة الاكاديمية ، _c1993 |
||
| 300 | _a188 | ||
| 490 | _a | ||
| 650 | 0 | 4 | _aادارة الاعلانات |
| 942 |
_2ddc _cBK |
||
| 999 |
_c57101 _d57101 |
||